| 000 -CABECERA |
| campo de control de longitud fija |
00924nam a2200217 i 4500 |
| 005 - FECHA Y HORA DE LA ÚLTIMA TRANSACCIÓN |
| campo de control |
20250407084711.0 |
| 008 - DATOS DE LONGITUD FIJA--INFORMACIÓN GENERAL |
| campo de control de longitud fija |
250407s1995 pe fr 000 0 spa d |
| 040 ## - FUENTE DE LA CATALOGACIÓN |
| Centro catalogador/agencia de origen |
CENDOC CAAAP |
| Lengua de catalogación |
spa |
| Centro/agencia transcriptor |
CAAAP |
| 041 0# - CÓDIGO DE LENGUA |
| Código de lengua del texto/banda sonora o título independiente |
spa |
| 050 ## - SIGNATURA TOPOGRÁFICA DE LA BIBLIOTECA DEL CONGRESO |
| Número de clasificación |
RS 164 |
| Número de documento/Ítem |
.L57 |
| 100 1# - ENTRADA PRINCIPAL--NOMBRE DE PERSONA |
| 9 (RLIN) |
2507 |
| Nombre personal |
Lira, Jorge A. |
| 500 ## - NOTA GENERAL |
| Especificación de materiales |
Sección sobre rituales: |
| Nota general |
Incluye información sobre prácticas rituales tradicionales asociadas al uso de plantas medicinales andinas.<br/> |
| 245 10 - MENCIÓN DE TÍTULO |
| Título |
Medicina Andina : |
| Subtitulo |
Farmacopea y rituales / |
| Mención de responsabilidad, etc. |
Jorge A. Lira |
| 250 ## - MENCIÓN DE EDICIÓN |
| Mención de edición |
2a. ed. |
| 260 #1 - PUBLICACIÓN, DISTRIBUCIÓN, ETC. |
| Lugar de publicación, distribución, etc. |
Cusco, Perú ; |
| Nombre del editor, distribuidor, etc. |
Instituto Bartolome de las Casas, |
| Fecha de publicación, distribución, etc. |
1995 |
| 300 ## - DESCRIPCIÓN FÍSICA |
| Extensión |
XXVIII, 189 p. : |
| Dimensiones |
23 cm |
| 520 0# - NOTA DE RESUMEN |
| Ampliación de la nota de sumario |
1 . Preambulo -- 2. Proemio -- 3. Farmacopea tradicional andina y practicas rituales -- 4. Indice de recetas |
| 650 10 - PUNTO DE ACCESO ADICIONAL DE MATERIA--TÉRMINO DE MATERIA |
| 9 (RLIN) |
92 |
| Término de materia o nombre geográfico como elemento de entrada |
Medicina Tradicional |
| Subdivisión general |
Aspectos Culturales |
| Subdivisión geográfica |
Perú |
| 650 20 - PUNTO DE ACCESO ADICIONAL DE MATERIA--TÉRMINO DE MATERIA |
| 9 (RLIN) |
378 |
| Término de materia o nombre geográfico como elemento de entrada |
Plantas medicinales |
| Subdivisión de forma |
Uso terapéutico |
| Subdivisión geográfica |
Perú |
| 942 ## - ELEMENTOS PERSONALIZADOS KOHA |
| Fuente del sistema de clasificación o colocación |
|
| Fecha de catalogación |
07/04/2025 |
| Tipo de ítem Koha |
Libros |